| 000 | 00413nam a2200145Ia 4500 | ||
|---|---|---|---|
| 008 | 230917s9999||||xx |||||||||||||| ||und|| | ||
| 040 |
_e210055 _aMAIN |
||
| 041 | _aEnglish | ||
| 082 | _a515.353 S89P | ||
| 100 | _aSauvigny, Friedrich | ||
| 245 | 0 | _aPartial differential equations 1: Foundations and integral representations | |
| 260 |
_aBerlin _bSpringer-Verlage _c2012 |
||
| 300 | _axiv, 437 p. | ||
| 942 | _cBK | ||
| 999 |
_c167963 _d167963 |
||